| 000 | 00631cab a2200217 4500 | ||
|---|---|---|---|
| 001 | X2418 | ||
| 008 | 090401t1995 xxu||||| |||| 00| 0 eng d | ||
| 035 | _a(Sirsi) u24099 | ||
| 041 | _aeng | ||
| 245 | _aBolton MDC v SoS Environment | ||
| 260 | _c1995 | ||
| 350 | _a0 | ||
| 490 |
_aNew Property Cases _v(1995) NPC 99A |
||
| 520 | _aHL 6 July 1995. Planning appeal - multiple representation of parties - regime for costs. NOT TO BE PHOTOCOPIED. | ||
| 650 | _aCOSTS | ||
| 650 | _aMULTIPLE REPRESENTATION | ||
| 650 | _aPLANNING APPEALS | ||
| 690 | _aPLANNING LAW AND PRACTICE-CASE LAW | ||
| 942 | _n0 | ||
| 948 | _c04/03/1997 | ||
| 999 |
_c16142 _d16142 |
||